000 00707nam a2200289Ia 4500
005 20260324122208.0
008 008 260324s9999 xx 000 0 eng d
020 _a9780203123027
037 _aEBOOK
040 _aCRL
040 _beng
040 _cCRL
041 _2eng
041 _aeng
084 _qCRL
100 _aShelley Sherman
_91165494
245 0 _aTeacher Preparation as an Inspirational Practice
245 0 _bBuilding Capacities for Responsiveness
260 _bTaylor and Francis
260 _c2013
365 _a
365 _b150
856 _uhttp://www.taylorfrancis.com/books/9780203123027
942 _cEBOOK
999 _c1758044
_d1758044